Созерцание чуда: очерки; Третья охота; Трава; Григоровы острова

Podrobná bibliografie
Hlavní autor: Солоухин В. А. Владимир Алексеевич
Další autoři: Андреева Е. (иллюстратор)
Jazyk:ruština
Vydáno: Москва, Современник, 1986
TOC:Третья охота;
Трава;
Григоровы острова;
Edice:Сельская библиотека Нечерноземья
Témata:
Médium: MixedMaterials Kniha
KOHA link:https://koha.lib.tpu.ru/cgi-bin/koha/opac-detail.pl?biblionumber=150084

MARC

LEADER 00000nam0a2200000 4500
001 150084
005 20231101221449.0
020 |a RU  |b 87-28038 
035 |a (RuTPU)RU\TPU\book\162695 
090 |a 150084 
100 |a 20081225d1986 m y0rusy5003 ca 
101 0 |a rus 
102 |a RU 
105 |a a z 000ay 
200 1 |a Созерцание чуда  |e очерки  |f В. А. Солоухин  |g худож. Е. Андреева 
210 |a Москва  |c Современник  |d 1986 
215 |a 400 с.  |c ил.  |d 21 см 
225 1 |a Сельская библиотека Нечерноземья 
464 |t Третья охота 
464 |t Трава 
464 |t Григоровы острова 
610 1 |a Природа 
610 1 |a очерки 
675 |a Р2  |z rus 
700 1 |a Солоухин  |b В. А.  |c русский писатель  |f 1924-1997  |g Владимир Алексеевич  |2 stltpush  |3 (RuTPU)RU\TPU\pers\14878  |9 5031 
702 1 |a Андреева  |b Е.  |4 440 
801 0 |a RU  |b RuMRKP  |c 19950417  |g psbo 
801 1 |a RU  |b 63413507  |c 20081225  |g PSBO 
801 2 |a RU  |b 63413507  |c 20081225  |g PSBO 
942 |c BK